Central Library OPAC University of Rajshahi

Farewell, my lovely / (Record no. 84814)

MARC details
000 -LEADER
fixed length control field 00701nam a2200229 a 4500
001 - CONTROL NUMBER
control field 84814
003 - CONTROL NUMBER IDENTIFIER
rucl marc code BD-RjUL
005 - DATE AND TIME OF LATEST TRANSACTION
control field 20250416111759.0
008 - FIXED-LENGTH DATA ELEMENTS--GENERAL INFORMATION
fixed length control field 250416s1940 |||||||| |||| 00| 0 eng d
035 ## - SYSTEM CONTROL NUMBER
System control number (BD-RjUL)84814
040 ## - CATALOGING SOURCE
Original cataloging agency BD-RjUL
Language of cataloging eng
Transcribing agency BD-RjUL
041 ## - LANGUAGE CODE
Language code of text/sound track or separate title eng
082 ## - DEWEY DECIMAL CLASSIFICATION NUMBER
Edition number 23
Classification number 823
Author mark and year CHF 1940
100 ## - MAIN ENTRY--PERSONAL NAME
Personal name Chandler, Raymond
9 (RLIN) 3000
245 ## - TITLE STATEMENT
Title Farewell, my lovely /
Statement of responsibility, etc. Raymond Chandler
260 ## - PUBLICATION, DISTRIBUTION, ETC. (IMPRINT)
Place of publication, distribution, etc. [London] :
Name of publisher, distributor, etc. Penguin Books,
Date of publication, distribution, etc. 1940
300 ## - PHYSICAL DESCRIPTION
Pagination 252 p.;
Size 19 cm.
650 ## - SUBJECT ADDED ENTRY--TOPICAL TERM
Topical term or geographic name as entry element Detective and mystery fiction
9 (RLIN) 15245
Topical term or geographic name as entry element Marlowe, Philip (Fictitious character) Fiction
9 (RLIN) 15246
Topical term or geographic name as entry element Private investigators California Los Angeles Fiction
9 (RLIN) 15247
942 ## - ADDED ENTRY ELEMENTS (KOHA)
Source of classification or shelving scheme Dewey Decimal Classification
Koha item type Books
Holdings
Lost status Source of classification or shelving scheme Damaged status Not for loan Collection code Permanent Location Current Location Shelving location Date acquired Total Checkouts Full call number Date last seen Copy number Koha item type
  Dewey Decimal Classification   Not For Loan Fiction Central Library, University of Rajshahi Central Library, University of Rajshahi Reading Room 16/04/2025   823 CHF 1940 16/04/2025 C-1 Books